[Event "30th San Sebastian op"]
[Site "Donostia"]
[Date "2007.04.03"]
[Round "3.13"]
[White "Spraggett, Kevin"]
[Black "Torres, Patrice"]
[Result "1-0"]
[WhiteElo "2631"]
[BlackElo "2048"]
[PlyCount "65"]
[EventDate "2007.04.01"]

1. e4 e6 2. d4 d5 3. Nc3 Bb4 4. e5 c5 5. a3 Bxc3+ 6. bxc3 Ne7 7. Nf3 b6 8. a4
Ba6 9. Bxa6 Nxa6 10. O-O Nb8 11. Ng5 h6 12. Qh5 g6 13. Qh3 Kf8 14. Re1 Kg7 15.
Nf3 Nbc6 16. Ba3 Na5 17. dxc5 Nc4 18. cxb6 Nxa3 19. Rxa3 axb6 20. Nd4 Nf5 21.
Rb1 Qe7 22. Raa1 Rac8 23. Rxb6 Qc7 24. Nxf5+ exf5 25. Rd6 Qxc3 26. Qxc3 Rxc3
27. Rxd5 Rxc2 28. a5 Rb8 29. a6 Ra2 30. Rdd1 Rxa1 31. Rxa1 Ra8 32. a7 f6 33. e6
1-0

[Event "30th San Sebastian op"]
[Site "Donostia"]
[Date "2007.04.03"]
[Round "3.14"]
[White "Jerez Perez, Alfonso"]
[Black "Fogel, Pierre"]
[Result "1-0"]
[WhiteElo "2413"]
[BlackElo "2171"]
[PlyCount "59"]
[EventDate "2007.04.01"]

1. e4 c5 2. c3 g6 3. d4 cxd4 4. cxd4 d5 5. exd5 Nf6 6. Nc3 Nxd5 7. Qb3 Nxc3 8.
Bc4 e6 9. bxc3 Be7 10. Bh6 Bf8 11. Bxf8 Kxf8 12. Nf3 Nc6 13. O-O Kg7 14. Bb5
Qd6 15. Rfd1 a6 16. Bxc6 Qxc6 17. c4 b5 18. d5 Qxc4 19. Qb2+ f6 20. Rac1 Qf4
21. Rd4 Qb8 22. dxe6 Bxe6 23. Rc6 Bf5 24. Rxf6 Kxf6 25. Re4+ Kf7 26. Ng5+ Kg8
27. Qb3+ Kg7 28. Qf7+ Kh6 29. Rh4+ Kxg5 30. Qe7# 1-0

[Event "30th San Sebastian op"]
[Site "Donostia"]
[Date "2007.04.03"]
[Round "3.16"]
[White "Saravanan, V."]
[Black "Fosser, Gaspar"]
[Result "1-0"]
[WhiteElo "2349"]
[BlackElo "2028"]
[PlyCount "84"]
[EventDate "2007.04.01"]

1. e4 c5 2. Nf3 Nc6 3. d4 cxd4 4. Nxd4 Nf6 5. Nc3 e5 6. Ndb5 d6 7. Bg5 a6 8.
Na3 Be6 9. Nc4 b5 10. Bxf6 Qxf6 11. Nxd6+ Bxd6 12. Qxd6 Nd4 13. Bd3 Rd8 14.
Qxa6 O-O 15. Nd1 Ra8 16. Qd6 Rfd8 17. Qb4 Ra4 18. Qc5 Rc4 19. Qb6 Rxc2 20. O-O
Rc6 21. Qa5 h5 22. f4 Rcc8 23. f5 Bc4 24. Bxc4 Rxc4 25. Ne3 Ra4 26. Qe1 Qg5 27.
h4 Qh6 28. f6 g6 29. Nd5 Kh7 30. b3 Ra7 31. Rf2 Qf8 32. Rc1 Qd6 33. Qc3 Rda8
34. Qc5 Qxc5 35. Rxc5 Rxa2 36. Rxa2 Rxa2 37. Rc7 Ra1+ 38. Kh2 Kg8 39. Rc8+ Kh7
40. Rf8 Ra7 41. Ne7 Nxb3 42. Rxf7+ Kh8 1-0

[Event "30th San Sebastian op"]
[Site "Donostia"]
[Date "2007.04.03"]
[Round "3.19"]
[White "Cabrera Trujillo, Jorge"]
[Black "Garro Beraza, Haritz"]
[Result "1-0"]
[WhiteElo "2334"]
[BlackElo "1918"]
[PlyCount "43"]
[EventDate "2007.04.01"]

1. e4 c5 2. Nf3 d6 3. d4 cxd4 4. Nxd4 Nf6 5. Nc3 a6 6. Bg5 e6 7. f4 Nbd7 8. Qf3
Be7 9. O-O-O Qc7 10. g4 b5 11. Bxf6 Bxf6 12. g5 Be7 13. f5 Bxg5+ 14. Kb1 Nf6
15. fxe6 O-O 16. Rg1 h6 17. h4 Bxh4 18. Nf5 Bg5 19. e7 Re8 20. Nxh6+ Bxh6 21.
Qxf6 Kh8 22. Nd5 1-0

[Event "30th San Sebastian op"]
[Site "Donostia"]
[Date "2007.04.03"]
[Round "3.20"]
[White "Sanz Rodero, Mikel"]
[Black "Lakunza, Juan Carlos"]
[Result "0-1"]
[WhiteElo "1889"]
[BlackElo "2170"]
[PlyCount "110"]
[EventDate "2007.04.01"]

1. d4 Nf6 2. c4 g6 3. Nc3 Bg7 4. Nf3 O-O 5. Bf4 d6 6. e3 Nbd7 7. h3 c6 8. Be2
Qe8 9. O-O e5 10. Bh2 Qe7 11. b4 Ne8 12. Qb3 b6 13. a4 c5 14. bxc5 bxc5 15.
dxe5 dxe5 16. Nd5 Qd6 17. Rfd1 Rb8 18. Qc2 Nc7 19. Qc3 Na6 20. Qa5 Rb2 21. Bf1
Qe6 22. Ng5 Qe8 23. Ne4 Qe6 24. Ng5 Qe8 25. Ne4 Kh8 26. Rab1 Rxb1 27. Rxb1 Qe6
28. Qb5 h6 29. Nd2 Nab8 30. a5 Ba6 31. Nc7 Qd6 32. Nxa6 Qxd2 33. Nxc5 Qd6 34.
Nxd7 Nxd7 35. Qd5 Qxd5 36. cxd5 Rd8 37. Rb7 a6 38. e4 Nc5 39. Rxf7 Nxe4 40.
Bxa6 Rxd5 41. Be2 Rxa5 42. g4 Ng5 43. Re7 Nxh3+ 44. Kg2 Ng5 45. f4 Ra2 46. fxg5
hxg5 47. Bg1 e4 48. Re8+ Kh7 49. Re7 Kg8 50. Bc5 Bf6 51. Re8+ Kf7 52. Rf8+ Kg7
53. Re8 Kf7 54. Rf8+ Ke6 55. Re8+ Kd7 0-1

[Event "30th San Sebastian op"]
[Site "Donostia"]
[Date "2007.04.04"]
[Round "4.1"]
[White "San Segundo Carrillo, Pablo"]
[Black "Petrov, Marijan"]
[Result "1/2-1/2"]
[WhiteElo "2539"]
[BlackElo "2472"]
[PlyCount "51"]
[EventDate "2007.04.01"]

1. d4 c5 2. d5 g6 3. e4 Bg7 4. c4 d6 5. Bd3 e6 6. Nf3 Nf6 7. h3 O-O 8. Nc3 Na6
9. O-O Nc7 10. dxe6 Nxe6 11. Be3 Nd7 12. Nh2 Nd4 13. f4 b6 14. Qd2 Bb7 15. Rae1
Re8 16. Kh1 Nf6 17. Bxd4 cxd4 18. Nd5 Bxd5 19. cxd5 b5 20. g4 a6 21. Rf2 Nd7
22. g5 h5 23. Nf3 Rc8 24. Kg2 Qb6 25. Rfe2 Qc5 26. Rd1 1/2-1/2

[Event "30th San Sebastian op"]
[Site "Donostia"]
[Date "2007.04.04"]
[Round "4.2"]
[White "Fernandez Garcia, Jose Luis"]
[Black "Sakelsek, Tadej"]
[Result "1/2-1/2"]
[WhiteElo "2467"]
[BlackElo "2487"]
[PlyCount "42"]
[EventDate "2007.04.01"]

1. e4 e5 2. Nf3 Nf6 3. Nc3 Nc6 4. d4 exd4 5. Nxd4 Bb4 6. Nxc6 bxc6 7. Bd3 d5 8.
exd5 cxd5 9. O-O O-O 10. Bg5 c6 11. Qf3 Bd6 12. Rae1 Rb8 13. Nd1 h6 14. Bxf6
Qxf6 15. Qxf6 gxf6 16. b3 Bd7 17. Ne3 Rfe8 18. Nf5 Bf8 19. Re3 Re5 20. Rg3+ Kh8
21. Rf3 Rbe8 1/2-1/2

[Event "30th San Sebastian op"]
[Site "Donostia"]
[Date "2007.04.04"]
[Round "4.5"]
[White "Spraggett, Kevin"]
[Black "Llaneza Vega, Patricia"]
[Result "1-0"]
[WhiteElo "2631"]
[BlackElo "2249"]
[PlyCount "39"]
[EventDate "2007.04.01"]

1. Nf3 Nf6 2. g3 g6 3. b3 Bg7 4. Bb2 O-O 5. Bg2 d6 6. c4 e5 7. d3 Nc6 8. O-O h6
9. Nc3 Nh5 10. e3 f5 11. a3 a5 12. Rb1 Be6 13. Nd5 Qd7 14. Nh4 Kh7 15. f4 exf4
16. Nxg6 Kxg6 17. Qxh5+ Kxh5 18. Nxf4+ Kg5 19. h4+ Kg4 20. Kh2 1-0

[Event "30th San Sebastian op"]
[Site "Donostia"]
[Date "2007.04.04"]
[Round "4.7"]
[White "Huerga Leache, Mikel"]
[Black "Vera Gonzalez-Quevedo, Reynaldo"]
[Result "1/2-1/2"]
[WhiteElo "2344"]
[BlackElo "2481"]
[PlyCount "137"]
[EventDate "2007.04.01"]

1. e4 c5 2. Nf3 e6 3. d4 cxd4 4. Nxd4 Nf6 5. Nc3 d6 6. Be3 a6 7. f3 b5 8. a4 b4
9. Na2 e5 10. Nb3 d5 11. exd5 Nxd5 12. Bf2 Be6 13. Bd3 Nd7 14. O-O Be7 15. Be4
N7f6 16. Nc5 Bxc5 17. Bxc5 Qc7 18. Bf2 O-O 19. Qe1 a5 20. Bg3 Rac8 21. Bxe5
Qc5+ 22. Rf2 Rfe8 23. Nc1 Nxe4 24. Nd3 Qa7 25. Qxe4 f6 26. Bd4 Qc7 27. Rd2 Bf7
28. Qh4 Bg6 29. Nc5 Nf4 30. Bf2 Re2 31. Rxe2 Nxe2+ 32. Kf1 Qf4 33. Qxf4 Nxf4
34. g3 Nh3 35. Be3 Ng5 36. Kf2 Bxc2 37. Rc1 Bg6 38. Nb3 Rc2+ 39. Rxc2 Bxc2 40.
Nxa5 Bxa4 41. Bd2 b3 42. Bxg5 fxg5 43. Ke3 Kf7 44. Nb7 Kf6 45. Nc5 Bc6 46. Nxb3
Ke5 47. Nd4 Bd7 48. Nb3 h6 49. Nc5 Bb5 50. Ne4 Bc6 51. Nd2 Kd5 52. Kd3 Bb5+ 53.
Kc3 Be2 54. b4 Ke5 55. Nc4+ Kd5 56. Nd2 Ke5 57. Nb3 Bxf3 58. b5 h5 59. b6 h4
60. Kd3 hxg3 61. hxg3 g4 62. Na5 Kd6 63. Ke3 g5 64. Kd4 Bg2 65. b7 Kc7 66. Ke5
Bf3 67. Kf5 Be2 68. Kxg5 Bf3 69. Kf4 1/2-1/2

[Event "30th San Sebastian op"]
[Site "Donostia"]
[Date "2007.04.04"]
[Round "4.8"]
[White "Llaneza Vega, Marcos"]
[Black "Andres Gonzalez, Ivan"]
[Result "1/2-1/2"]
[WhiteElo "2469"]
[BlackElo "2372"]
[PlyCount "53"]
[EventDate "2007.04.01"]

1. e4 c5 2. Nf3 e6 3. b3 Nc6 4. Bb2 d6 5. Bb5 Bd7 6. O-O a6 7. Bxc6 Bxc6 8. d4
cxd4 9. Qxd4 Nf6 10. Re1 Be7 11. c4 Nxe4 12. Qxg7 Bf6 13. Bxf6 Qxf6 14. Qxf6
Nxf6 15. Nd4 Rg8 16. Nxc6 bxc6 17. Nc3 Ke7 18. Rad1 Rg5 19. Rd4 Rag8 20. g3 Rg4
21. Rxg4 Rxg4 22. f4 h5 23. Nd1 Rg8 24. Ne3 d5 25. Kg2 Ne4 26. Rd1 f5 27. Nc2
1/2-1/2

[Event "30th San Sebastian op"]
[Site "Donostia"]
[Date "2007.04.04"]
[Round "4.9"]
[White "Hernandez, Elvis"]
[Black "Jerez Perez, Alfonso"]
[Result "1/2-1/2"]
[WhiteElo "2283"]
[BlackElo "2413"]
[PlyCount "28"]
[EventDate "2007.04.01"]

1. e4 e6 2. d4 d5 3. Nc3 Bb4 4. e5 c5 5. Bd2 Ne7 6. a3 Bxc3 7. bxc3 Nbc6 8. Nf3
Qa5 9. a4 Bd7 10. Be2 c4 11. Ng5 h6 12. Nh3 O-O-O 13. Nf4 g6 14. O-O Nb8
1/2-1/2

[Event "30th San Sebastian op"]
[Site "Donostia"]
[Date "2007.04.04"]
[Round "4.11"]
[White "Dobrev, Nanko"]
[Black "Tejedor Txapartegui, Nabar"]
[Result "1-0"]
[WhiteElo "2470"]
[BlackElo "2095"]
[PlyCount "79"]
[EventDate "2007.04.01"]

1. d4 d5 2. Nf3 Bf5 3. Bf4 e6 4. e3 c6 5. Be2 Nf6 6. Ne5 h6 7. g4 Bh7 8. h4
Qa5+ 9. Nd2 Ne4 10. c3 f6 11. Nb3 Qd8 12. Nd3 g5 13. hxg5 hxg5 14. f3 Nd6 15.
Bg3 Nc4 16. Kf2 Bd6 17. Bxd6 Qxd6 18. Rh6 Nd7 19. Qh1 Qe7 20. Qh5+ Qf7 21. Rh1
Qxh5 22. R1xh5 Nf8 23. Ndc5 Nxb2 24. Rxf6 O-O-O 25. Rfh6 b6 26. Nxe6 Nxe6 27.
Rxh7 Rxh7 28. Rxh7 Rd7 29. Rh6 Re7 30. Nc1 b5 31. Ke1 Kd7 32. Nd3 Nc4 33. Ne5+
Nxe5 34. dxe5 Nc5 35. f4 Ne4 36. Bd3 Nxc3 37. e6+ Kd6 38. f5 Rb7 39. e7+ Kd7
40. f6 1-0

[Event "30th San Sebastian op"]
[Site "Donostia"]
[Date "2007.04.04"]
[Round "4.13"]
[White "Rodriguez Gonzalez, Alex"]
[Black "Yrjola, Jouni"]
[Result "1-0"]
[WhiteElo "2091"]
[BlackElo "2384"]
[PlyCount "41"]
[EventDate "2007.04.01"]

1. e4 c5 2. Nc3 Nc6 3. f4 g6 4. Nf3 Bg7 5. Bb5 Nd4 6. O-O Nxb5 7. Nxb5 d5 8.
exd5 a6 9. Nc3 Nf6 10. d4 c4 11. Ne5 Nxd5 12. Qe2 Be6 13. f5 gxf5 14. Bg5 h6
15. Bh4 Rg8 16. Rae1 Nxc3 17. bxc3 Qd5 18. Nxf7 Kxf7 19. Qh5+ Kf8 20. Rxf5+
Qxf5 21. Bxe7+ 1-0

[Event "30th San Sebastian op"]
[Site "Donostia"]
[Date "2007.04.04"]
[Round "4.14"]
[White "Markosian, David S"]
[Black "Zulaika Centeno, Ander"]
[Result "1-0"]
[WhiteElo "2352"]
[BlackElo "2056"]
[PlyCount "55"]
[EventDate "2007.04.01"]

1. e4 c5 2. b3 Nc6 3. Bb2 e5 4. Nc3 Nf6 5. Bc4 Be7 6. Nge2 O-O 7. O-O a6 8. a4
b6 9. f4 d6 10. f5 Bb7 11. Ng3 Nd4 12. Nd5 b5 13. Nxf6+ Bxf6 14. Bd5 Bxd5 15.
exd5 c4 16. Ne4 g6 17. Bxd4 exd4 18. fxg6 fxg6 19. Nxf6+ Rxf6 20. Rxf6 Qxf6 21.
axb5 cxb3 22. cxb3 Qe5 23. bxa6 Qxd5 24. Qf3 Qxf3 25. gxf3 Kf7 26. b4 Ke7 27.
b5 Kd8 28. b6 1-0

[Event "30th San Sebastian op"]
[Site "Donostia"]
[Date "2007.04.04"]
[Round "4.15"]
[White "Heikkila, Antti"]
[Black "Cabrera Trujillo, Jorge"]
[Result "0-1"]
[WhiteElo "2070"]
[BlackElo "2334"]
[PlyCount "64"]
[EventDate "2007.04.01"]

1. c4 Nf6 2. d4 g6 3. Nc3 Bg7 4. e4 d6 5. f3 O-O 6. Be3 Nc6 7. Qd2 Re8 8. O-O-O
a6 9. Kb1 Rb8 10. h4 Bd7 11. h5 e5 12. d5 Nd4 13. Nge2 c5 14. dxc6 bxc6 15.
Nxd4 exd4 16. Bxd4 c5 17. Bf2 Qa5 18. Be1 Be6 19. Rc1 Rb7 20. Rc2 Reb8 21. Qc1
Nd7 22. h6 Bh8 23. f4 Qd8 24. g4 Nb6 25. f5 Bxc4 26. fxg6 fxg6 27. Na4 Bxf1 28.
Rxf1 Nxa4 29. b3 Qe7 30. Rcf2 Qxe4+ 31. Qc2 Qxc2+ 32. Kxc2 Nb6 0-1

[Event "30th San Sebastian op"]
[Site "Donostia"]
[Date "2007.04.04"]
[Round "4.16"]
[White "Luaces Rubio, Alfredo"]
[Black "Vul, Arkadi Eremeevich"]
[Result "1/2-1/2"]
[WhiteElo "2027"]
[BlackElo "2324"]
[PlyCount "58"]
[EventDate "2007.04.01"]

1. b3 e5 2. Bb2 Nc6 3. c4 Nf6 4. e3 Be7 5. d3 d5 6. cxd5 Nxd5 7. a3 O-O 8. Nf3
Bf6 9. Qc2 Re8 10. Nbd2 g6 11. Be2 Bg7 12. O-O Nb6 13. Rac1 Bf5 14. b4 a6 15.
Rfd1 Qe7 16. Ne4 Rac8 17. Nc5 Nd8 18. Nd2 Nd7 19. Nde4 Nxc5 20. Nxc5 h5 21. Bf3
c6 22. Rd2 Ne6 23. Qb3 Rcd8 24. Rcd1 Nxc5 25. bxc5 Rd7 26. Qb4 Red8 27. Be2 Bf8
28. d4 exd4 29. Bxd4 Bg7 1/2-1/2

[Event "30th San Sebastian op"]
[Site "Donostia"]
[Date "2007.04.04"]
[Round "4.17"]
[White "Perez Cameselle, Francisco"]
[Black "Huesmann, Thomas"]
[Result "0-1"]
[WhiteElo "2003"]
[BlackElo "2295"]
[PlyCount "66"]
[EventDate "2007.04.01"]

1. Nf3 f5 2. g3 Nf6 3. Bg2 g6 4. O-O Bg7 5. c4 O-O 6. Nc3 d6 7. d4 Qe8 8. b3 h6
9. Bb2 g5 10. d5 Na6 11. Nd4 Bd7 12. e4 fxe4 13. Nxe4 Ng4 14. Qe2 Ne5 15. f4
gxf4 16. gxf4 Ng6 17. Qe3 c5 18. dxc6 bxc6 19. Nc3 Nxf4 20. Nxc6 Bxc6 21. Bxc6
Qxc6 22. Rxf4 Rxf4 23. Qxf4 Rf8 24. Qg4 Kh8 25. Qh4 Rf6 26. Qh5 Nb4 27. Nd5
Nxd5 28. cxd5 Qc5+ 29. Kh1 e5 30. Qe8+ Kh7 31. Qc6 Qf2 32. Ba3 Qf3+ 33. Kg1
Rg6# 0-1

[Event "30th San Sebastian op"]
[Site "Donostia"]
[Date "2007.04.04"]
[Round "4.18"]
[White "Aabling-Thomsen, Jakob"]
[Black "Wlogalski, Olivier"]
[Result "1-0"]
[WhiteElo "2267"]
[BlackElo "2016"]
[PlyCount "117"]
[EventDate "2007.04.01"]

1. e4 e6 2. d4 d5 3. Bd3 dxe4 4. Bxe4 Nf6 5. Bf3 c5 6. Ne2 cxd4 7. Nxd4 Be7 8.
O-O O-O 9. Nc3 Nbd7 10. Qe2 Qa5 11. Bf4 Bb4 12. Ncb5 e5 13. Bxe5 Nxe5 14. Qxe5
a6 15. c3 axb5 16. cxb4 Qxb4 17. Nc2 Qa5 18. a3 Qb6 19. Nb4 Be6 20. Rac1 Rac8
21. h3 h6 22. Rfd1 Rfd8 23. Rxd8+ Rxd8 24. Qc7 Qxc7 25. Rxc7 Rd2 26. Rxb7 Rxb2
27. Rxb5 Rb1+ 28. Kh2 Rb2 29. a4 Bc4 30. Rb8+ Kh7 31. a5 Nd7 32. Rb7 Nc5 33.
Rc7 Rxb4 34. Rxc5 Bd3 35. Rc3 Bc4 36. Kg3 Kg6 37. a6 Bxa6 38. Rc6+ f6 39. Rxa6
Rd4 40. h4 Rb4 41. Bg4 Rb3+ 42. f3 Rb4 43. h5+ Kf7 44. Ra7+ Kf8 45. Be6 Rb6 46.
Ra8+ Ke7 47. Bf5 Rb5 48. Kg4 Rb4+ 49. f4 Rb7 50. Be4 Rc7 51. Rb8 Kd6 52. Rb7
Rxb7 53. Bxb7 Ke6 54. Be4 Kf7 55. Bh7 Ke6 56. Bg8+ Ke7 57. Kf5 Ke8 58. Kg6 Kf8
59. Bb3 1-0

[Event "30th San Sebastian op"]
[Site "Donostia"]
[Date "2007.04.04"]
[Round "4.19"]
[White "Varas, Carlos"]
[Black "Alvarado Fernandez, Mikel"]
[Result "1-0"]
[WhiteElo "2239"]
[BlackElo "2000"]
[PlyCount "73"]
[EventDate "2007.04.01"]

1. e4 g6 2. d4 Bg7 3. Nf3 d6 4. Be2 c6 5. O-O Nd7 6. Re1 Ngf6 7. e5 dxe5 8.
dxe5 Nd5 9. Bf1 O-O 10. c4 Nc7 11. Bf4 Ne6 12. Bg3 Qb6 13. Qc2 Rd8 14. Nc3 Ndf8
15. Na4 Qc7 16. b4 b6 17. Nc3 Bb7 18. Qb3 Rd7 19. a4 Qd8 20. Red1 Rxd1 21. Rxd1
Qe8 22. a5 Rd8 23. Ra1 Nd4 24. Nxd4 Rxd4 25. axb6 axb6 26. Ne2 Rd8 27. Qe3 b5
28. Ra7 Bc8 29. cxb5 cxb5 30. Nc3 Ne6 31. Nxb5 Rd1 32. Nc3 Rd4 33. b5 Rb4 34.
Ra8 Nc7 35. Rb8 Bf8 36. b6 Rb3 37. bxc7 1-0

[Event "30th San Sebastian op"]
[Site "Donostia"]
[Date "2007.04.04"]
[Round "4.20"]
[White "Martin Alvarez, Inigo"]
[Black "Hanly, Steven"]
[Result "1-0"]
[WhiteElo "2173"]
[BlackElo "1986"]
[PlyCount "91"]
[EventDate "2007.04.01"]

1. e4 e6 2. d4 d5 3. Nc3 dxe4 4. Nxe4 Bd7 5. Nf3 Bc6 6. Bd3 Nd7 7. Bg5 Be7 8.
Bxe7 Qxe7 9. Qe2 Ngf6 10. O-O-O O-O 11. h4 Nd5 12. Qd2 Nb4 13. a3 Nxd3+ 14.
Qxd3 h6 15. Rde1 Nf6 16. Nc3 Rad8 17. Rd1 Bxf3 18. Qxf3 c6 19. g4 Nd5 20. Nxd5
cxd5 21. Kb1 Qf6 22. Qe3 Qg6 23. Rhg1 Rc8 24. Rd2 Rc6 25. h5 Qe4 26. Qxe4 dxe4
27. Rdd1 f5 28. g5 hxg5 29. Rxg5 Kh7 30. c3 Rf6 31. Rdg1 Rc7 32. Kc2 Re7 33.
Kd2 Rd7 34. Ke3 b5 35. Rg6 Rxg6 36. Rxg6 a5 37. Rxe6 b4 38. axb4 axb4 39. c4
Ra7 40. Rb6 Ra1 41. Rxb4 Rh1 42. c5 Rh3+ 43. Ke2 Rxh5 44. c6 Kg6 45. c7 Rh8 46.
Rb8 1-0

[Event "30th San Sebastian op"]
[Site "Donostia"]
[Date "2007.04.05"]
[Round "5.2"]
[White "Petrov, Marijan"]
[Black "Spraggett, Kevin"]
[Result "1/2-1/2"]
[WhiteElo "2472"]
[BlackElo "2631"]
[PlyCount "40"]
[EventDate "2007.04.01"]

1. e4 c5 2. Nf3 e6 3. c3 Nf6 4. e5 Nd5 5. d4 cxd4 6. cxd4 d6 7. a3 Bd7 8. Bd3
Bc6 9. O-O Nd7 10. b4 a6 11. Re1 Be7 12. Nbd2 dxe5 13. dxe5 Nc3 14. Qc2 Rc8 15.
Ne4 Nxe4 16. Bxe4 Nb6 17. Be3 Bxe4 18. Qxe4 Nd5 19. Qg4 Kf8 20. Bg5 Bxg5
1/2-1/2

[Event "30th San Sebastian op"]
[Site "Donostia"]
[Date "2007.04.05"]
[Round "5.4"]
[White "Sakelsek, Tadej"]
[Black "Sebenik, Matej"]
[Result "1/2-1/2"]
[WhiteElo "2487"]
[BlackElo "2483"]
[PlyCount "21"]
[EventDate "2007.04.01"]

1. e4 c5 2. Nf3 e6 3. d4 cxd4 4. Nxd4 Nf6 5. Nc3 Nc6 6. Ndb5 d6 7. Bf4 e5 8.
Bg5 a6 9. Na3 b5 10. Nd5 Qa5+ 11. Bd2 1/2-1/2

[Event "30th San Sebastian op"]
[Site "Donostia"]
[Date "2007.04.05"]
[Round "5.6"]
[White "Cabrera Trujillo, Jorge"]
[Black "Dobrev, Nanko"]
[Result "0-1"]
[WhiteElo "2334"]
[BlackElo "2470"]
[PlyCount "69"]
[EventDate "2007.04.01"]

1. e4 e5 2. Nf3 Nc6 3. Bb5 a6 4. Ba4 Nf6 5. O-O Be7 6. Re1 b5 7. Bb3 d6 8. c3
Na5 9. Bc2 c5 10. d4 Qc7 11. a4 b4 12. Nbd2 Rb8 13. cxb4 Rxb4 14. dxe5 dxe5 15.
b3 Nc6 16. Bd3 O-O 17. Ba3 Rb8 18. Rc1 Qa7 19. Qc2 Nd7 20. Bc4 Nb4 21. Qb2 Bf6
22. Nf1 Nb6 23. Ne3 Nxc4 24. Nxc4 Nd3 25. Qc2 Nxe1 26. Rxe1 Be6 27. Re3 Qc7 28.
Rc3 Rfc8 29. Ne3 Qb7 30. Nd2 Be7 31. Nec4 Rd8 32. Nb2 c4 33. Nbxc4 Bxc4 34.
Nxc4 Bxa3 35. Nxa3 0-1

[Event "30th San Sebastian op"]
[Site "Donostia"]
[Date "2007.04.05"]
[Round "5.7"]
[White "Huesmann, Thomas"]
[Black "Llaneza Vega, Marcos"]
[Result "0-1"]
[WhiteElo "2295"]
[BlackElo "2469"]
[PlyCount "62"]
[EventDate "2007.04.01"]

1. e4 c5 2. Nc3 Nc6 3. f4 g6 4. Nf3 Bg7 5. Bc4 e6 6. d3 Nge7 7. a3 d5 8. Ba2 b5
9. O-O b4 10. axb4 cxb4 11. Ne2 Qb6+ 12. Kh1 dxe4 13. dxe4 Ba6 14. e5 O-O 15.
Ng5 Nf5 16. c4 Rad8 17. Qe1 Bb7 18. Bb1 Na5 19. Bd2 Nxc4 20. Bxb4 Nce3 21. Ba5
Bxg2+ 22. Kg1 Qxb2 23. Bxf5 Bxf1 24. Bxg6 fxg6 25. Bxd8 Bxe2 26. Rb1 Qd4 27.
Qxe2 Rxf4 28. Nf3 Qe4 29. Rb8 Rxf3 30. Be7+ Kf7 31. Rb4 Qf5 0-1

[Event "30th San Sebastian op"]
[Site "Donostia"]
[Date "2007.04.05"]
[Round "5.12"]
[White "Andres Gonzalez, Ivan"]
[Black "Schnitzer, Peter"]
[Result "1-0"]
[WhiteElo "2372"]
[BlackElo "2159"]
[PlyCount "49"]
[EventDate "2007.04.01"]

1. Nf3 Nf6 2. c4 g6 3. Nc3 d5 4. cxd5 Nxd5 5. Qa4+ Nc6 6. Ne5 Ndb4 7. a3 Nc2+
8. Qxc2 Nxe5 9. d4 Nd7 10. Bf4 c6 11. e4 Nf6 12. Rd1 Bd7 13. Bc4 b5 14. Ba2 Qa5
15. O-O b4 16. axb4 Qxb4 17. e5 Nh5 18. Bd2 Rb8 19. Na4 Qb7 20. Nc5 Qb6 21.
Bxf7+ Kd8 22. Ra1 Qxb2 23. Ba5+ Kc8 24. Qd3 Qb5 25. Bc4 1-0

[Event "30th San Sebastian op"]
[Site "Donostia"]
[Date "2007.04.05"]
[Round "5.14"]
[White "Alonso Arburu, Jose Maria"]
[Black "Huerga Leache, Mikel"]
[Result "0-1"]
[WhiteElo "2105"]
[BlackElo "2344"]
[PlyCount "64"]
[EventDate "2007.04.01"]

1. c4 e5 2. Nc3 Nf6 3. g3 d5 4. cxd5 Nxd5 5. Bg2 Nb6 6. Nf3 Nc6 7. O-O Be7 8.
Rb1 a5 9. a3 Bf5 10. d3 O-O 11. Be3 Bf6 12. Nd2 Be6 13. Nde4 Be7 14. Nc5 Bxc5
15. Bxc5 Re8 16. b4 Nd5 17. Nb5 axb4 18. Bxb4 Qd7 19. Bd2 Bh3 20. Qb3 Bxg2 21.
Kxg2 Nce7 22. Rfd1 Nf5 23. e3 Re6 24. h3 Nh4+ 25. gxh4 Rg6+ 26. Kh2 Qf5 27. f4
exf4 28. e4 Qh5 29. Nc3 Qxh4 30. Rg1 Rg3 31. Rxg3 Qxg3+ 32. Kh1 f3 0-1

[Event "30th San Sebastian op"]
[Site "Donostia"]
[Date "2007.04.05"]
[Round "5.15"]
[White "Saravanan, V."]
[Black "Rodriguez Gonzalez, Alex"]
[Result "1/2-1/2"]
[WhiteElo "2349"]
[BlackElo "2091"]
[PlyCount "70"]
[EventDate "2007.04.01"]

1. Nf3 d6 2. d4 Bg4 3. e4 Nf6 4. Bd3 e6 5. h3 Bh5 6. Bg5 h6 7. Bxf6 gxf6 8.
Nbd2 c6 9. c3 Nd7 10. Qe2 Qc7 11. O-O-O O-O-O 12. g4 Bg6 13. Nh4 e5 14. Kb1 Kb8
15. Ka1 Be7 16. f4 exf4 17. Qf3 d5 18. exd5 Bxd3 19. Qxd3 cxd5 20. Qf5 Nf8 21.
Rhf1 Ne6 22. Ng2 h5 23. gxh5 Rdg8 24. Qxd5 Rg5 25. Qe4 f5 26. Qe2 Rgxh5 27. d5
f3 28. Nxf3 Nc5 29. Nd4 Rxh3 30. Nxf5 Bf6 31. d6 Qa5 32. Qc4 Rxc3 33. Qxf7 Nb3+
34. Kb1 Nd2+ 35. Ka1 Nb3+ 1/2-1/2

[Event "30th San Sebastian op"]
[Site "Donostia"]
[Date "2007.04.05"]
[Round "6.1"]
[White "Czakon, Jakub"]
[Black "Sakelsek, Tadej"]
[Result "1/2-1/2"]
[WhiteElo "2482"]
[BlackElo "2487"]
[PlyCount "112"]
[EventDate "2007.04.01"]

1. d4 Nf6 2. c4 e6 3. Nf3 b6 4. g3 Ba6 5. Qc2 Bb7 6. Bg2 c5 7. d5 exd5 8. cxd5
Nxd5 9. Qb3 Nc7 10. Ne5 d5 11. Nc3 Nc6 12. Qa4 f6 13. Nxc6 Qd7 14. Nxa7 Qxa4
15. Nxa4 Rxa7 16. Nxb6 Ra6 17. Nc4 Bc6 18. Ne3 Be7 19. O-O Kf7 20. Rd1 Rd8 21.
b3 g6 22. Rd2 Ke6 23. Nc2 Rda8 24. Ne1 Rb8 25. Rb1 Nb5 26. Nd3 g5 27. Rc2 Nd4
28. Rcb2 Rba8 29. e3 Nb5 30. Rc2 Rxa2 31. Nxc5+ Kf7 32. Rxa2 Rxa2 33. Na4 Rc2
34. Bb2 Nd6 35. Rc1 Rxc1+ 36. Bxc1 Ne4 37. Bf3 Bb4 38. Bb2 Ke6 39. g4 h6 40.
Bd1 f5 41. f3 Nf6 42. gxf5+ Kxf5 43. Bd4 Bxa4 44. bxa4 Ba5 45. h3 Nd7 46. Kf2
h5 47. Bc2+ Ke6 48. f4 gxf4 49. exf4 Nb6 50. Bg6 Nxa4 51. f5+ Kd6 52. Bxh5 Bb6
53. Ke3 Ke7 54. Bd1 Bxd4+ 55. Kxd4 Kf6 56. Bxa4 Kxf5 1/2-1/2

[Event "30th San Sebastian op"]
[Site "Donostia"]
[Date "2007.04.05"]
[Round "6.3"]
[White "Fernandez Garcia, Jose Luis"]
[Black "Spraggett, Kevin"]
[Result "1/2-1/2"]
[WhiteElo "2467"]
[BlackElo "2631"]
[PlyCount "39"]
[EventDate "2007.04.01"]

1. e4 c5 2. Nf3 e6 3. d4 cxd4 4. Nxd4 Nf6 5. Nc3 d6 6. Be2 a6 7. O-O Be7 8. f4
Qc7 9. a4 O-O 10. Kh1 b6 11. e5 dxe5 12. fxe5 Nfd7 13. Bf3 Bb7 14. Bf4 Nc6 15.
Bxc6 Bxc6 16. Qg4 Kh8 17. Rad1 Nc5 18. Nxc6 Qxc6 19. Qf3 Qxf3 20. gxf3 1/2-1/2

[Event "30th San Sebastian op"]
[Site "Donostia"]
[Date "2007.04.05"]
[Round "6.4"]
[White "Sebenik, Matej"]
[Black "Pakleza, Zbigniew"]
[Result "0-1"]
[WhiteElo "2483"]
[BlackElo "2446"]
[PlyCount "90"]
[EventDate "2007.04.01"]

1. Nf3 d5 2. d4 Bf5 3. c4 e6 4. Nc3 c6 5. Qb3 Qb6 6. c5 Qc7 7. Bf4 Qc8 8. e3 h6
9. Be2 Nf6 10. Nd2 Nbd7 11. Qd1 Be7 12. b4 Bd8 13. b5 Bc7 14. Bxc7 Qxc7 15. Nb3
O-O 16. O-O e5 17. bxc6 bxc6 18. dxe5 Nxe5 19. Nd4 Bg4 20. f3 Bd7 21. Qa4 Rfe8
22. Rfe1 Rab8 23. Bf1 Ng6 24. a3 Re5 25. f4 Re7 26. Bd3 Rbe8 27. Nc2 Nh4 28.
Ne2 Ng4 29. Ned4 Nxe3 30. g3 Nxc2 31. Rxe7 Nxd4 32. Rxe8+ Bxe8 33. Rf1 Nhf5 34.
g4 Qe7 35. Bxf5 Nxf5 36. gxf5 Qxc5+ 37. Kg2 Bd7 38. Qb4 Qc2+ 39. Rf2 Qxf5 40.
Qb8+ Kh7 41. Qxa7 Qe4+ 42. Kg3 Qg6+ 43. Kf3 Bg4+ 44. Ke3 Qe4+ 45. Kd2 d4 0-1